000 00613nam a2200205 a 4500
003 PILC
005 20160224101104.0
008 080204s19uu xx 00 eng d
020 _a9788178802725
050 _aG 155.A1
_b.Sh531 2007
100 _aSharma, Sunil.
245 _aEmerging international tourism markets /
_cSunil Sharma.
260 _aNew Delhi :
_bRajat Publications,
_c2007.
300 _a275 pages :
_c23 cm.
_billustrations ;
500 _aIncludes bibliographical references and index.
650 _aTourism.
650 _aInternational tourism.
942 _cBK
_2lcc
_kFOR
999 _c39521
_d39521